000 006850000a22002170004500
003 LK-CoMWRAF
005 20240120103247.0
008 230817t ||||| |||| 00| 0 eng d
040 _aLK-CoMWRAF
_dLK-CoMWRAF
_eLK-CoMWRAF
041 _aeng
082 _a304.666
_bPOP
110 _aPopulation Reference Bureau
245 _aConveying concerns:
_bwomen write on male participation in the family
260 _aWashington, DC:
_bPopulation Reference Bureau,
_c[1995]
300 _a 32 p. : ill. ; 28 cm
650 _aFamily Planning Services
650 _aMale contraceptives
650 _aFamily planning services
650 _aBirth control- Developing countries
942 _cBK
999 _c2169
_d2169